Online
Catalog

Los Diputados aragoneses durante el Trienio Constitucional / (Record no. 6586)

MARC details
000 -CABECERA
campo de control de longitud fija 00797cam a2200217 a 4500
001 - NÚMERO DE CONTROL
campo de control 000006798
005 - FECHA Y HORA DE LA ÚLTIMA TRANSACCIÓN
campo de control 20200929154008.0
008 - DATOS DE LONGITUD FIJA--INFORMACIÓN GENERAL
campo de control de longitud fija 940809s1990 sp a b 001 0 spa d
020 ## - NÚMERO INTERNACIONAL ESTÁNDAR DEL LIBRO
Número Internacional Estándar del Libro 8478200495
040 ## - FUENTE DE LA CATALOGACIÓN
Centro catalogador/agencia de origen DO-SdBNP
Centro/agencia transcriptor MH
Centro/agencia modificador IU
-- DLC
082 ## - NÚMERO DE LA CLASIFICACIÓN DECIMAL DEWEY
Número de clasificación 320.94655
Número de documento/Ítem B517d
049 ## - FONDOS LOCALES (OCLC)
Fondos de biblioteca BNGR
100 1# - ENTRADA PRINCIPAL--NOMBRE DE PERSONA
Nombre de persona Bernal Macaya, Ana Isabel.
9 (RLIN) 18885
245 14 - MENCIÓN DE TÍTULO
Título Los Diputados aragoneses durante el Trienio Constitucional /
Mención de responsabilidad, etc. Ana Isabel Bernal Macaya.
260 ## - PUBLICACIÓN, DISTRIBUCIÓN, ETC.
Lugar de publicación, distribución, etc. Zaragoza, (España) :
Nombre del editor, distribuidor, etc. Institución Fernando el Católico,
Fecha de publicación, distribución, etc. 1990.
300 ## - DESCRIPCIÓN FÍSICA
Extensión 177 p. :
Otras características físicas il. ;
Dimensiones 21 cm.
504 ## - NOTA DE BIBLIOGRAFÍA, ETC.
Nota de bibliografía, etc. Incluye referencias bibliográficas (p. 169-174).
651 #4 - PUNTO DE ACCESO ADICIONAL DE MATERIA--NOMBRE GEOGRÁFICO
Nombre geográfico Aragon (España{Rpara}
Subdivisión general Política Y Gobierno
9 (RLIN) 18886
650 #4 - PUNTO DE ACCESO ADICIONAL DE MATERIA--TÉRMINO DE MATERIA
Término de materia o nombre geográfico como elemento de entrada Diputados
Subdivisión geográfica Aragon (España{Rpara}
Subdivisión general Debates
9 (RLIN) 18887
910 ## - DATOS DE OPCIÓN DEL USUARIO (OCLC)
Datos de opción del usuario Catalogación por copia / LC
Holdings
Estado de retiro Estado de pérdida Restricciones de uso No para préstamo Código de colección Localización permanente Ubicación/localización actual Ubicación en estantería Fecha de adquisición Número de inventario Total de préstamos Signatura topográfica completa Código de barras Fecha visto por última vez Precio válido a partir de Tipo de ítem Koha
    Préstamo interno   Monografías: Libros y Folletos General General En catalogación 02.09.2009 LF1   320.94655 B517d 6798-10 25.06.2020 25.06.2020 Préstamo interno

Powered by Koha